| 000 | 00881nam a2200241 i 4500 | ||
|---|---|---|---|
| 001 | 15981 | ||
| 003 | ES-MaACL | ||
| 005 | 20240203063045.0 | ||
| 007 | t| | ||
| 008 | 000530s1999 sp ||||1| spa d | ||
| 020 | _a84-7846-914-1 | ||
| 080 | _a821.134.2 Rodríguez, Claudio 1.06 | ||
| 100 | 1 |
_aGarcía Jambrina, Luis, _d1960- _954794 |
|
| 245 | 1 | 0 |
_aClaudio Rodríguez y la tradición literaria / _cLuis García Jambrina. |
| 260 |
_a[Valladolid] : _bJunta de Castilla y León, Consejería de Educación y Cultura, _c1999. |
||
| 300 |
_a194 p. ; _c22 cm. |
||
| 490 | 1 | _aEnsayo/las letras | |
| 600 | 1 | 4 |
_aRodríguez, Claudio, _d1934-1999- _xCrítica e interpretación _998225 |
| 710 | 1 |
_aCastilla y León. _bConsejería de Educación y Cultura. _92500 |
|
| 830 | 0 |
_aEnsayo/las letras _9179849 |
|
| 852 |
_aES-MaACL _jL-23148 _bR.128246 |
||
| 999 |
_c15981 _d15981 |
||